Statistics for Which Harry Potter? - Click Quiz

Click here to take the quiz!

General Stats

  • This quiz has been taken 1,024 times
  • The average score is 14 of 20

Answer Stats

HintAnswer% Correct
When the Triwizard Tournament happenedGoblet of Fire
98%
When Harry and Ron drove the Flying Ford AngliaChamber of Secrets
86%
When Quirinus Quirrell was the Defence Against the Dark Arts teacherPhilosopher's Stone
86%
When a member of the Weasley family diedDeathly Hallows
82%
When Expecto Patronum was first usedPrisoner of Azkaban
79%
When Lord Voldemort came back to life (in his own body)Goblet of Fire
77%
When Avada Kedavra was used the mostDeathly Hallows
74%
When the Quidditch World Cup happenedGoblet of Fire
74%
When Scabbers true identity was revealedPrisoner of Azkaban
74%
When Eat Slugs was usedChamber of Secrets
72%
When an horcrux was destroyed for the first timeChamber of Secrets
67%
When Sirius Black appeared for the last time (alive)Order of the Phoenix
67%
When Harry and Ginny started to dateHalf-Blood Prince
65%
When Severus Snape was no longer the Potions MasterHalf-Blood Prince
64%
When Harry got his O.W.L. (exam)Order of the Phoenix
63%
When Gellert Grindelwald was killedDeathly Hallows
61%
When Severus Snape's mother's last name was revealedHalf-Blood Prince
61%
When Harry started learning divinationPrisoner of Azkaban
56%
When a dragon appeared for the first timePhilosopher's Stone
49%
When Nearly Headless Nick's five-hundredth Deathday Party took placeChamber of Secrets
41%

Score Distribution

Percentile by Number Answered

Percent of People with Each Score

Your Score History

You have not taken this quiz